| 000 | 00677nam a2200205Ia 4500 | ||
|---|---|---|---|
| 005 | 20251020182547.0 | ||
| 008 | 200515s9999 xx 000 0 und d | ||
| 082 | _a747:749.9/R72P | ||
| 100 | _aRoccella, Graziella | ||
| 245 | 0 | _aGio Ponti | |
| 260 | _aBerlìn | ||
| 260 | _bTaschen | ||
| 260 | _c2009 | ||
| 300 | _a96 p. | ||
| 520 | _aGio Ponti era la quintaesencia del homo ludens. dibujaba y proyectaba de manera infatigable hasta bien entrada la noche, durante viajes en tren, en avión e incluso en el auto. este libros trata de su obra arquitectónica a través de de la historia | ||
| 650 | _aARQUITECTOS | ||
| 650 | _aPONTI | ||
| 942 | _cLIB | ||
| 999 |
_c2593 _d2593 |
||